Central Library OPAC University of Rajshahi

Handbook of Japanese popular culture / (Record no. 25227)

MARC details
000 -LEADER
fixed length control field 01071nam a2200337 a 4500
001 - CONTROL NUMBER
control field 25227
003 - CONTROL NUMBER IDENTIFIER
rucl marc code BD-RjUL
005 - DATE AND TIME OF LATEST TRANSACTION
control field 20211209050841.0
008 - FIXED-LENGTH DATA ELEMENTS--GENERAL INFORMATION
fixed length control field 140316s1989 nyu b 001 0 eng
020 ## - INTERNATIONAL STANDARD BOOK NUMBER
International Standard Book Number 0313239223 (lib. bdg. : alk. paper)
International Standard Book Number 0313239223
035 ## - SYSTEM CONTROL NUMBER
System control number (BD-RjUL)25296
System control number (BD-RjUL)
040 ## - CATALOGING SOURCE
Original cataloging agency LC
Language of cataloging eng
Transcribing agency LC
Modifying agency ANL:NR
-- BD-RjUL
041 ## - LANGUAGE CODE
Language code of text/sound track or separate title eng
082 04 - DEWEY DECIMAL CLASSIFICATION NUMBER
Classification number 952.048
Edition number 20
Author mark and year HAN
245 00 - TITLE STATEMENT
Title Handbook of Japanese popular culture /
Statement of responsibility, etc. edited by Richard Gid Powers and Hidetoshi Kato ; associate editor, Bruce Stronach.
260 ## - PUBLICATION, DISTRIBUTION, ETC. (IMPRINT)
Place of publication, distribution, etc. New York :
Name of publisher, distributor, etc. Greenwood Press,
Date of publication, distribution, etc. c1989.
263 ## - PROJECTED PUBLICATION DATE
Projected publication date 8903
300 ## - PHYSICAL DESCRIPTION
Pagination xviii, 350 p. ;
Size 25 cm.
504 ## - BIBLIOGRAPHY, ETC. NOTE
Bibliography, etc Includes bibliographies and index.
650 #0 - SUBJECT ADDED ENTRY--TOPICAL TERM
Topical term or geographic name as entry element Popular culture
Geographic subdivision Japan.
9 (RLIN) 77596
651 #0 - SUBJECT ADDED ENTRY--GEOGRAPHIC NAME
Geographic name Japan
General subdivision Civilization
Chronological subdivision 1945-
9 (RLIN) 77597
700 1# - ADDED ENTRY--PERSONAL NAME
Personal name Kato, Hidetoshi,
Dates associated with a name 1930-
Personal name Powers, Richard Gid,
Dates associated with a name 1944-
Personal name Stronach, Bruce.
942 ## - ADDED ENTRY ELEMENTS (KOHA)
Source of classification or shelving scheme Dewey Decimal Classification
Koha item type Books
Holdings
Lost status Source of classification or shelving scheme Damaged status Not for loan Collection code Permanent Location Current Location Shelving location Date acquired Source of acquisition Cost, normal purchase price Total Checkouts Full call number Date last seen Copy number Koha item type
  Dewey Decimal Classification   Added to bundle Non-fiction Central Library, University of Rajshahi Central Library, University of Rajshahi Reading Room 05/07/1994 Asia Fundation Gift 0.00   952.048 HAN 1989 16/03/2014 C-1 Books